| 000 -LEADER |
| fixed length control field |
01181cam a2200373 ab4500 |
| 001 - CONTROL NUMBER |
| control field |
1624276 |
| 003 - CONTROL NUMBER IDENTIFIER |
| control field |
OSt |
| 005 - DATE AND TIME OF LATEST TRANSACTION |
| control field |
20230202102703.0 |
| 008 - FIXED-LENGTH DATA ELEMENTS--GENERAL INFORMATION |
| fixed length control field |
190919s2017 enka a 000 1 eng d |
| 020 ## - INTERNATIONAL STANDARD BOOK NUMBER |
| International Standard Book Number |
9781408345566 |
| Qualifying information |
(hbk.) : |
| 040 ## - CATALOGING SOURCE |
| Original cataloging agency |
TAE |
| Language of cataloging |
eng |
| Transcribing agency |
TAE |
| Description conventions |
aacr2 |
| Modifying agency |
KH8 |
| 041 0# - LANGUAGE CODE |
| Language code of text/sound track or separate title |
eng |
| 042 ## - AUTHENTICATION CODE |
| Authentication code |
nbic |
| 082 0# - DEWEY DECIMAL CLASSIFICATION NUMBER |
| Classification number |
398.8 AND |
| 100 1# - MAIN ENTRY--PERSONAL NAME |
| Personal name |
Andreae, Giles, |
| Dates associated with a name |
1966- |
| Relator term |
author |
| 245 10 - TITLE STATEMENT |
| Title |
I love my dinosaur / |
| Statement of responsibility, etc. |
Giles Andreae & Emma Dodd. |
| 246 30 - VARYING FORM OF TITLE |
| Title proper/short title |
Dinosaur. |
| 260 ## - PUBLICATION, DISTRIBUTION, ETC. |
| Place of publication, distribution, etc. |
London : |
| Name of publisher, distributor, etc. |
Orchard, |
| Date of publication, distribution, etc. |
c2017. |
| 300 ## - PHYSICAL DESCRIPTION |
| Extent |
[24] p. : |
| Other physical details |
chiefly col. ill. ; |
| Dimensions |
28 cm. |
| 490 1# - SERIES STATEMENT |
| Series statement |
I love my. |
| 500 ## - GENERAL NOTE |
| General note |
First published: 2017. |
| 520 ## - SUMMARY, ETC. |
| Summary, etc. |
A small boy and his dinoasur do everything together from snuggling up at bedtime to spending time at school. |
| 650 #0 - SUBJECT ADDED ENTRY--TOPICAL TERM |
| Topical term or geographic name entry element |
Boys |
| Form subdivision |
Juvenile fiction. |
| 650 #0 - SUBJECT ADDED ENTRY--TOPICAL TERM |
| Topical term or geographic name entry element |
Dinosaurs |
| Form subdivision |
Juvenile fiction. |
| 650 #0 - SUBJECT ADDED ENTRY--TOPICAL TERM |
| Topical term or geographic name entry element |
Human-animal relationships |
| Form subdivision |
Juvenile fiction. |
| 650 #0 - SUBJECT ADDED ENTRY--TOPICAL TERM |
| Topical term or geographic name entry element |
Pets |
| Form subdivision |
Juvenile fiction. |
| 650 #0 - SUBJECT ADDED ENTRY--TOPICAL TERM |
| Topical term or geographic name entry element |
Schools |
| Form subdivision |
Juvenile fiction. |
| 650 #1 - SUBJECT ADDED ENTRY--TOPICAL TERM |
| Topical term or geographic name entry element |
Dinosaurs |
| Form subdivision |
Fiction. |
| 650 #1 - SUBJECT ADDED ENTRY--TOPICAL TERM |
| Topical term or geographic name entry element |
Friendship |
| Form subdivision |
Fiction. |
| 650 #1 - SUBJECT ADDED ENTRY--TOPICAL TERM |
| Topical term or geographic name entry element |
Stories in rhyme. |
| 700 1# - ADDED ENTRY--PERSONAL NAME |
| Personal name |
Dodd, Emma, |
| Dates associated with a name |
1969- |
| Relator term |
author |
| 830 #0 - SERIES ADDED ENTRY--UNIFORM TITLE |
| Uniform title |
I love my. |
| 942 ## - ADDED ENTRY ELEMENTS (KOHA) |
| Source of classification or shelving scheme |
|
| Koha item type |
Books - Non Ficton |